Historia numismática de México (Record no. 3641)

MARC details
000 -CABECERA
campo de control de longitud fija 00803nam a2200241 a 4500
001 - NÚMERO DE CONTROL
campo de control BRCA_3914
005 - FECHA Y HORA DE LA ÚLTIMA TRANSACCIÓN
campo de control 20190320204455.0
008 - DATOS DE LONGITUD FIJA--INFORMACIÓN GENERAL
campo de control de longitud fija 100110s1950----mx-a######---#000-0#spa-#
041 ## - CÓDIGO DE LENGUA
Código de lengua del texto/banda sonora o título independiente spa
044 ## - CÓDIGO DEL PAÍS DE LA ENTIDAD EDITORA/PRODUCTORA
Código MARC del país mx
050 #4 - SIGNATURA TOPOGRÁFICA DE LA BIBLIOTECA DEL CONGRESO
Número de clasificación CJ1904
Número de documento/Ítem .P73 1950
100 1# - ENTRADA PRINCIPAL--NOMBRE DE PERSONA
Nombre de persona Pradeau, Alberto Francisco.
9 (RLIN) 10172
245 10 - MENCIÓN DE TÍTULO
Título Historia numismática de México
Resto del título desde la época precortesiana hasta 1823
Mención de responsabilidad, etc. Alberto Francisco Pradeau ; tr., corregido y aumentado por Román Beltran Martínez.
260 ## - PUBLICACIÓN, DISTRIBUCIÓN, ETC.
Lugar de publicación, distribución, etc. México
Nombre del editor, distribuidor, etc. Banco de México, S.A de C.V.
Fecha de publicación, distribución, etc. 1950
300 ## - DESCRIPCIÓN FÍSICA
Extensión 223 p.
Otras características físicas il., 23 láminas
Dimensiones 28 cm.
500 ## - NOTA GENERAL
Nota general C63
504 ## - NOTA DE BIBLIOGRAFÍA, ETC.
Nota de bibliografía, etc. Bibliografía: p. 215-233.
650 14 - PUNTO DE ACCESO ADICIONAL DE MATERIA--TÉRMINO DE MATERIA
Término de materia o nombre geográfico como elemento de entrada Numismática
9 (RLIN) 914
650 14 - PUNTO DE ACCESO ADICIONAL DE MATERIA--TÉRMINO DE MATERIA
Término de materia o nombre geográfico como elemento de entrada Monedas mexicanas
9 (RLIN) 10077
700 1# - PUNTO DE ACCESO ADICIONAL--NOMBRE DE PERSONA
Nombre de persona Beltrán Martínez Román
Término indicativo de función/relación tr.
9 (RLIN) 10173
902 ## - CATALOGADOR
Iniciales GFM
942 ## - ELEMENTOS DE PUNTO DE ACCESO ADICIONAL (KOHA)
Fuente del sistema de clasificación o colocación Library of Congress Classification
Tipo de ítem Koha Libros
Holdings
Estado de retiro Estado de pérdida Estado dañado No para préstamo Localización permanente Ubicación/localización actual Fecha de adquisición Número de inventario Total de préstamos Signatura topográfica completa Código de barras Fecha visto por última vez Precio válido a partir de Tipo de ítem Koha
El ejemplar forma parte de la colección y puede ser consultado según las políticas vigentes.       Biblioteca del Museo Franz Mayer (Rogerio Casas-Alatriste) Biblioteca del Museo Franz Mayer (Rogerio Casas-Alatriste) 10/01/2010 C63   CJ1904 .P73 1950 (C63) 3911 22/03/2019 22/03/2019 Libros